La forme de 50 pays aleatoire - Statistiques

Statistiques générales
  • Ce quiz a été pris 231 fois
  • Le résultat moyen est 32 sur 50
Statistiques - réponses
Par images Réponse % Correct
Chypre
100%
Égypte
100%
Espagne
100%
Inde
100%
Indonésie
100%
Japon
100%
Mali
100%
Royaume-Uni
100%
Somalie
100%
Viêt Nam
100%
Zambie
100%
Maroc
96%
Algérie
95%
Croatie
95%
Norvège
95%
Afrique du Sud
94%
Brésil
94%
Chili
94%
Italie
94%
Kazakhstan
94%
Soudan
94%
Canada
93%
Etats-Unis
93%
Islande
93%
Sri Lanka
93%
Ukraine
93%
Birmanie
92%
France
92%
Mexique
92%
Suède
92%
Allemagne
91%
Micronésie
91%
Népal
91%
Panama
91%
Sénégal
91%
Australie
90%
Angola
89%
Chine
89%
Grèce
89%
Israël Palestine
89%
Autriche
88%
Slovénie
88%
Turquie
88%
Laos
87%
Pakistan
86%
Slovaquie
86%
Bénin
85%
Philippines
85%
Lettonie
84%
Togo
84%
Cuba
83%
Gambie
83%
Irlande
83%
Papouasie-Nouvelle- Guinée
83%
Portugal
83%
Madagascar
81%
Niger
81%
Tchad
81%
Argentine
79%
Finlande
79%
Nouvelle-Zélande
79%
Syrie
79%
Burkina Faso
78%
Irak
78%
Namibie
78%
Oman
78%
Russie
78%
Cameroun
77%
Mongolie
77%
Corée du Sud
76%
Jamaïque
76%
Pologne
76%
Albanie
75%
Corée du Nord
75%
Équateur
75%
Kosovo
75%
Maldives
75%
Monaco
75%
Nicaragua
75%
République du Congo
75%
Taïwan
75%
Yémen
75%
Botswana
73%
Gabon
73%
Suisse
73%
Vatican
73%
Danemark
71%
Géorgie
71%
Kirghizistan
71%
Mozambique
71%
Azerbaïdjan
70%
Iran
70%
Koweït
70%
Turkménistan
70%
Bosnie-Herzégovine
69%
Brunei
69%
Émirats arabes unis
69%
Grenade
69%
Libye
69%
Lituanie
69%
Nauru
69%
Ouzbékistan
69%
Roumanie
69%
Singapour
69%
Malaisie
68%
Arabie Saoudite
67%
Belgique
67%
Belize
67%
Costa Rica
67%
Guinée
67%
Haïti
67%
Moldavie
67%
Nigeria
67%
République tchèque
67%
Tadjikistan
67%
Tunisie
67%
Venezuela
67%
Ghana
65%
Jordanie
65%
Zimbabwe
65%
Éthiopie
64%
Îles Marshall
64%
Paraguay
64%
Timor oriental
64%
Côte d'Ivoire
63%
Pérou
63%
Thaïlande
62%
Hongrie
61%
Érythrée
60%
Estonie
60%
Malte
60%
République Centrafricaine
60%
Kiribati
59%
Qatar
59%
Saint-Vincent-et-les- Grenadines
59%
Cap-Vert
58%
République démocratique du Congo
58%
Liberia
57%
Pays-Bas
57%
Bangladesh
56%
Djibouti
56%
Macédoine du Nord
56%
Malawi
56%
Salvador
56%
Bhoutan
54%
Guinée équatoriale
54%
Seychelles
54%
Afghanistan
53%
Colombie
53%
Eswatini
53%
Fidji
53%
Guinée-Bissau
53%
Ouganda
53%
Saint-Christophe- et-Niévès
53%
Sierra Leone
53%
Tanzanie
53%
Bolivie
50%
Guatemala
50%
Liban
50%
Sainte-Lucie
50%
Salomon
50%
Soudan du Sud
50%
Trinité-et-Tobago
50%
Uruguay
50%
Antigua-et-Barbuda
47%
Bahreïn
47%
Biélorussie
47%
Sao Tomé-et-Principe
47%
Bulgarie
46%
Mauritanie
46%
Serbie
46%
Kenya
45%
Andorre
44%
Suriname
42%
Île Maurice
41%
Saint-Marin
41%
Bahamas
40%
Comores
40%
Liechtenstein
40%
Luxembourg
40%
Monténégro
40%
Palaos
40%
Dominique
38%
Rwanda
38%
Samoa
38%
Arménie
36%
Guyana
36%
République dominicaine
36%
Barbade
33%
Cambodge
33%
Burundi
31%
Vanuatu
31%
Honduras
29%
Tonga
27%
Lesotho
21%
Tuvalu
21%
Aucun quiz correspondant
Distribution des résultats
% des personnes avec chaque résultat
Percentile par nombre de réponses
Votre historique - résultats
Vous n’avez pas pris ce quiz